<?xml version="1.0" encoding="UTF-8"?>
<record
    xmlns:xsi="http://www.w3.org/2001/XMLSchema-instance"
    xsi:schemaLocation="http://www.loc.gov/MARC21/slim http://www.loc.gov/standards/marcxml/schema/MARC21slim.xsd"
    xmlns="http://www.loc.gov/MARC21/slim">

  <leader>01862cam a2200433 i 4500</leader>
  <controlfield tag="001">xx005921407</controlfield>
  <controlfield tag="003">NUKAT</controlfield>
  <controlfield tag="005">20260422182217.0</controlfield>
  <controlfield tag="008">260421s1883    gw     g     |001 0 ger c</controlfield>
  <datafield tag="035" ind1=" " ind2=" ">
    <subfield code="a">(NUKAT)xx005921407</subfield>
  </datafield>
  <datafield tag="040" ind1=" " ind2=" ">
    <subfield code="a">OLSZT 008/LL</subfield>
    <subfield code="b">pol</subfield>
    <subfield code="e">rda</subfield>
    <subfield code="c">OLSZT 008/LL</subfield>
    <subfield code="d">OLSZT 008/LL</subfield>
  </datafield>
  <datafield tag="045" ind1="2" ind2=" ">
    <subfield code="b">d1525</subfield>
    <subfield code="b">d1555</subfield>
  </datafield>
  <datafield tag="046" ind1=" " ind2=" ">
    <subfield code="k">1883</subfield>
  </datafield>
  <datafield tag="100" ind1="1" ind2=" ">
    <subfield code="a">Janssen, Johannes</subfield>
    <subfield code="d">(1829-1891).</subfield>
    <subfield code="e">Autor</subfield>
    <subfield code="9">40327</subfield>
  </datafield>
  <datafield tag="245" ind1="1" ind2="0">
    <subfield code="a">Allgemeine Zust&#xE4;nde des deutschen Volkes :</subfield>
    <subfield code="b">seit dem Ausgang der socialen revolution bis zum sogenannten Augsburger Religionsfrieden von 1555 /</subfield>
    <subfield code="c">von Johannes Janssen.</subfield>
  </datafield>
  <datafield tag="246" ind1="1" ind2="3">
    <subfield code="a">Die politisch-kirchliche Revolution der F&#xFC;rsten und St&#xE4;dte und ihre Folgen f&#xFC;r Volk und Reich bis zum sogenannten Augsburger Religionsfrieden von 1555</subfield>
  </datafield>
  <datafield tag="250" ind1=" " ind2=" ">
    <subfield code="a">Neunte bis zw&#xF6;lfte Auflage.</subfield>
  </datafield>
  <datafield tag="260" ind1=" " ind2=" ">
    <subfield code="a">Freiburg im Bresigau :</subfield>
    <subfield code="b">Herder'sche Verlagshandlung,</subfield>
    <subfield code="c">1883.</subfield>
  </datafield>
  <datafield tag="300" ind1=" " ind2=" ">
    <subfield code="a">XXXIX, [1], 753 strony ;</subfield>
    <subfield code="c">23 cm.</subfield>
  </datafield>
  <datafield tag="336" ind1=" " ind2=" ">
    <subfield code="a">Tekst</subfield>
    <subfield code="b">txt</subfield>
    <subfield code="2">rdacontent</subfield>
  </datafield>
  <datafield tag="337" ind1=" " ind2=" ">
    <subfield code="a">Bez urz&#x105;dzenia po&#x15B;rednicz&#x105;cego</subfield>
    <subfield code="b">n</subfield>
    <subfield code="2">rdamedia</subfield>
  </datafield>
  <datafield tag="338" ind1=" " ind2=" ">
    <subfield code="a">Wolumin</subfield>
    <subfield code="b">nc</subfield>
    <subfield code="2">rdacarrier</subfield>
  </datafield>
  <datafield tag="380" ind1=" " ind2=" ">
    <subfield code="a">Ksi&#x105;&#x17C;ki</subfield>
  </datafield>
  <datafield tag="380" ind1=" " ind2=" ">
    <subfield code="a">Publikacje naukowe</subfield>
  </datafield>
  <datafield tag="388" ind1="1" ind2=" ">
    <subfield code="a">1801-1900</subfield>
  </datafield>
  <datafield tag="490" ind1="1" ind2=" ">
    <subfield code="a">Geschichte des deutschen Volkes seit dem Ausgang des Mittelalters / von Johannes Janssen ;</subfield>
    <subfield code="v">Bd. 3</subfield>
  </datafield>
  <datafield tag="504" ind1=" " ind2=" ">
    <subfield code="a">Bibliografia na stronach XXV-XXXIX. Indeksy.</subfield>
  </datafield>
  <datafield tag="648" ind1=" " ind2="7">
    <subfield code="a">1501-1600</subfield>
    <subfield code="2">DBN</subfield>
    <subfield code="9">36032</subfield>
  </datafield>
  <datafield tag="650" ind1=" " ind2="7">
    <subfield code="a">Ewangelicyzm augsburski</subfield>
    <subfield code="2">DBN</subfield>
    <subfield code="9">35711</subfield>
  </datafield>
  <datafield tag="650" ind1=" " ind2="7">
    <subfield code="a">Reformacja</subfield>
    <subfield code="2">DBN</subfield>
    <subfield code="9">35694</subfield>
  </datafield>
  <datafield tag="651" ind1=" " ind2="7">
    <subfield code="a">Niemcy</subfield>
    <subfield code="2">DBN</subfield>
    <subfield code="9">35243</subfield>
  </datafield>
  <datafield tag="651" ind1=" " ind2="7">
    <subfield code="a">Niemcy</subfield>
    <subfield code="y">16 w.</subfield>
    <subfield code="2">kaba</subfield>
    <subfield code="9">33473</subfield>
  </datafield>
  <datafield tag="651" ind1=" " ind2="7">
    <subfield code="a">Niemcy</subfield>
    <subfield code="x">historia.</subfield>
    <subfield code="2">kaba</subfield>
    <subfield code="9">5835</subfield>
  </datafield>
  <datafield tag="658" ind1=" " ind2=" ">
    <subfield code="a">Historia</subfield>
  </datafield>
  <datafield tag="658" ind1=" " ind2=" ">
    <subfield code="a">Religia i duchowo&#x15B;&#x107;</subfield>
  </datafield>
  <datafield tag="710" ind1="2" ind2=" ">
    <subfield code="a">Herdersche Verlagsbuchhandlung.</subfield>
    <subfield code="e">Wydawca</subfield>
    <subfield code="4">pbl</subfield>
    <subfield code="9">36009</subfield>
  </datafield>
  <datafield tag="800" ind1="1" ind2=" ">
    <subfield code="a">Janssen, Johannes</subfield>
    <subfield code="d">(1829-1891).</subfield>
    <subfield code="t">Geschichte des deutschen Volkes seit dem Ausgang des Mittelalters</subfield>
    <subfield code="v">Bd. 3</subfield>
    <subfield code="9">40328</subfield>
  </datafield>
  <datafield tag="942" ind1=" " ind2=" ">
    <subfield code="2">ddc</subfield>
    <subfield code="c">BK_NM</subfield>
  </datafield>
  <datafield tag="999" ind1=" " ind2=" ">
    <subfield code="c">27723</subfield>
    <subfield code="d">27723</subfield>
  </datafield>
  <datafield tag="952" ind1=" " ind2=" ">
    <subfield code="0">0</subfield>
    <subfield code="1">0</subfield>
    <subfield code="2">ddc</subfield>
    <subfield code="4">0</subfield>
    <subfield code="7">0</subfield>
    <subfield code="8">PBKH</subfield>
    <subfield code="a">BIP</subfield>
    <subfield code="b">PBKH</subfield>
    <subfield code="d">2026-04-22</subfield>
    <subfield code="e">W-52/1965</subfield>
    <subfield code="f">W</subfield>
    <subfield code="i">16310/3</subfield>
    <subfield code="l">0</subfield>
    <subfield code="o">16310/3</subfield>
    <subfield code="p">IPWK16665</subfield>
    <subfield code="r">2026-04-22 17:04:48</subfield>
    <subfield code="w">2026-04-22</subfield>
    <subfield code="y">BK_NM</subfield>
  </datafield>
</record>
